LEADER 00885nam0-22003011i-450- 001 990005002880403321 005 20140523110050.0 035 $a000500288 035 $aFED01000500288 035 $a(Aleph)000500288FED01 035 $a000500288 100 $a19990604f18001900km-y0itay50------ba 101 0 $aita 105 $ay-------001yy 200 1 $aOeuvres$fde P.-L. Courier$gprècèdées d'un essai sur la vie et les écrits de l'auteur par Armand Carrel 205 $aN.ed. rev. 210 $aParis$cGarnier Frères$d[1890?] 215 $a583 p.$d19 cm 305 $aEdizione riv. sui migliori testi. 700 1$aCourier,$bPaul-Louis$0183582 702 1$aCarrel,$bArmand 801 0$aIT$bUNINA$gRICA$2UNIMARC 901 $aBK 912 $a990005002880403321 952 $a3/IV D 46$bR.Bibl. 15.805$fFLFBC 959 $aFLFBC 996 $aOeuvres$9530252 997 $aUNINA LEADER 01103nam--2200385---450- 001 990003196840203316 005 20090216090855.0 010 $a978-1-588290-899-7 035 $a000319684 035 $aUSA01000319684 035 $a(ALEPH)000319684USA01 035 $a000319684 100 $a20090216d2008----km-y0itay50------ba 101 $aeng 102 $aUS 105 $a||||||||001yy 200 1 $aChromosomal mutagenesis$fedited by Gregory D. Davis, Kevin J. Kayser 210 $aTotowa$cHumana Press$d2008 215 $aXVI, 235 p.$cill.$d23 cm 225 2 $aMethods in molecular biology$v435 410 0$12001$aMethods in molecular biology$v435 454 1$12001 461 1$1001-------$12001 606 0 $aCromosomi$2BNCF 676 $a572.87 702 1$aDAVIS,$bGregory D. 702 1$aKAYSER,$bKevin J. 801 0$aIT$bsalbc$gISBD 912 $a990003196840203316 951 $a572.87 CHR$b4993 Farm.$c572.87$d00186525 959 $aBK 969 $aFAR 979 $aFIORELLA$b90$c20090216$lUSA01$h0908 996 $aChromosomal mutagenesis$91014948 997 $aUNISA